| 000 | 01164nam a2200301 i 4500 | ||
|---|---|---|---|
| 003 | DO-SdBNP | ||
| 005 | 20260217072333.0 | ||
| 007 | ta | ||
| 008 | 260217b2025 dr a|||| |||| 00| 0 spa d | ||
| 020 | _a9789945510911 | ||
| 040 |
_aDO-SdBNP _bspa _cBNPHU _erda |
||
| 041 | _aspa | ||
| 082 | 4 |
_axxx _bS236t 2025 _222 |
|
| 100 | 1 |
_aSantis, Geraldine de, _eautor _4aut. _943394 |
|
| 245 | 1 | 3 |
_aLa temible banda de los atracadores de sueños / _cGéraldine de Santis ; coordinación editorial, Clara Dobarro ; edición, María del Carmen Vicente |
| 264 | 4 |
_aSanto Domingo : _bMinisterio de Cultura; _bEditora Nacional, _c©2025. |
|
| 300 |
_a186 páginas : _bIlustraciones ; _c21 cm |
||
| 336 |
_atexto _btxt _2rdacontent |
||
| 337 |
_asin mediación _bn _2rdamedia |
||
| 338 |
_avolumen _bnc _2rdacarrier |
||
| 500 | _aIncluye datos biográficos del autor en las solapas. | ||
| 586 | _aPremio Anual de Literatura Infantil y Juvenil Aurora Tavárez Belliard 2023. | ||
| 590 | _aInventariado 2026/BT | ||
| 700 | 1 |
_aVicente, María del Carmen, _eeditor _4ed. _935021 |
|
| 700 | 1 |
_aDobarro, Clara, _ecoordinador _4coord. _934619 |
|
| 910 | _aBtavárez | ||
| 942 |
_2ddc _cLBS1 |
||
| 999 |
_c60333 _d60333 |
||